Ibn`arabi (Record no. 13787)

MARC details
000 -LEADER
fixed length control field 00603nam a2200241 a 4500
020 ## - INTERNATIONAL STANDARD BOOK NUMBER
ISBN 9781851685110
082 00 - DEWEY DECIMAL CLASSIFICATION NUMBER
Classification number 297.4
Author Cutter CHI8
100 ## - MAIN ENTRY--AUTHOR NAME
Author name Chittick, William C
245 ## - TITLE STATEMENT
Title Ibn`arabi
Sub title Heir to the Prophets
260 ## - PUBLICATION, DISTRIBUTION, ETC. (IMPRINT)
Place of publication Oxford
Name of publisher One World Publications
Year of publication 2009
300 ## - PHYSICAL DESCRIPTION
Number of Pages 152p
500 ## - GENERAL NOTE
General note includes index and biblioraphy
505 2# - FORMATTED CONTENTS NOTE
Formatted contents note index
650 ## - SUBJECT ADDED ENTRY--TOPICAL TERM
Topical Term Ibn-Arabi
942 ## - ADDED ENTRY ELEMENTS (KOHA)
Koha item type Books
700 1# -
-- Chittick, William C
Holdings
Collection code Home library Current library Date acquired Cost, normal purchase price Full call number Accession Number Koha item type
  Henry Martyn Institute Library Henry Martyn Institute Library 05/25/2014 395.00 297.4 CHI8 024558 Books
                   Copyright © 2026 | Henry Martyn Institute | Hyderabad | TS-500052 | INDIA | Implemented by hmi.edu.in
Hit-Count:

Powered by Koha